000 01227nam a22003014a 4500
001 ebr10103665
003 CaPaEBR
006 m u
007 cr cn|||||||||
008 030829s2004 enka sb 001 0 eng
010 _z 2003060954
020 _z0195173333 (acid-free paper)
040 _aCaPaEBR
_cCaPaEBR
035 _a(OCoLC)61344258
050 1 4 _aQC879.8
_b.B47 2004eb
082 0 4 _a577/.144
_222
100 1 _aBerner, Robert A.,
_d1935-
245 1 4 _aThe phanerozoic carbon cycle
_h[electronic resource] :
_bCOb2s and Ob2s /
_cRobert A. Berner.
260 _aOxford ;
_aNew York :
_bOxford University Press,
_c2004.
300 _aviii, 150 p. :
_bill.
504 _aIncludes bibliographical references (p. 125-146) and index.
533 _aElectronic reproduction.
_bPalo Alto, Calif. :
_cebrary,
_d2013.
_nAvailable via World Wide Web.
_nAccess may be limited to ebrary affiliated libraries.
650 0 _aAtmospheric carbon dioxide
_xEvolution.
650 0 _aCarbon cycle (Biogeochemistry)
655 7 _aElectronic books.
_2local
710 2 _aebrary, Inc.
856 4 0 _uhttp://site.ebrary.com/lib/rucke/Doc?id=10103665
_zAn electronic book accessible through the World Wide Web; click to view
999 _c102117
_d102117